Las enfermedades de los trabajadores : De morbis artificum diatriba /
El presente documento es la traducción al español del primer tratado sobre medicina laboral escrito por Bernardini Ramazzini, médico italiano del siglo XVII. En él, el autor describe cincuenta y cinco cuadros clínicos de acuerdo a la actividad del paciente. Así, menciona la sintomatología de los car...
Na minha lista:
| Autor principal: | |
|---|---|
| Outros Autores: | , , |
| Formato: | Livro |
| Idioma: | espanhol |
| Publicado em: |
México :
Universidad Autónoma Metropolitana Xochimilco : Miguel Angel Porrúa : Procuraduría Federal de la Defensa del Trabajo,
2000, c2000
|
| Assuntos: | |
| Tags: |
Sem tags, seja o primeiro a adicionar uma tag!
|
MARC
| LEADER | 00000nam^a2200000^a^4500 | ||
|---|---|---|---|
| 001 | 000146410 | ||
| 005 | 20250521000000.0 | ||
| 009 | 20260310095911.526 | ||
| 020 | |a 970-701-078-9 | ||
| 037 | |a Acervo ITESO - Biblioteca | ||
| 041 | |a ESP | ||
| 082 | |a 616. 9803094507 |b RAM | ||
| 100 | |a Ramazzini, Bernardini |e (autor) | ||
| 245 | 1 | 4 | |a Las enfermedades de los trabajadores : |b De morbis artificum diatriba / |c B. Ramazzini ; pról. de F. Carnevale, J. Kumate ; presen. de Luis Alfonso Caso González ; tr. por J.M. Araujo Alvarez . |
| 264 | 4 | |a México : |b Universidad Autónoma Metropolitana Xochimilco : |b Miguel Angel Porrúa : |b Procuraduría Federal de la Defensa del Trabajo, |c 2000, c2000 | |
| 300 | |a 372 p. | ||
| 336 | |a texto |b txt |2 rdacontenido | ||
| 337 | |a sin mediación |b n |2 rdamedio | ||
| 338 | |a volumen |b nc |2 rdasoporte | ||
| 520 | |a El presente documento es la traducción al español del primer tratado sobre medicina laboral escrito por Bernardini Ramazzini, médico italiano del siglo XVII. En él, el autor describe cincuenta y cinco cuadros clínicos de acuerdo a la actividad del paciente. Así, menciona la sintomatología de los carpinteros, los tejedores, los campesinos, los fabricantes de almidón, los domadores de caballos, los soldados, los intelectuales e incluso las enfermedades típicas de las vírgenes religiosas. | ||
| 649 | |a XX | ||
| 650 | |a Enfermedades Profesionales - |z Italia - |x Historia - |y Siglo XVII | ||
| 650 | |a Ocupaciones Peligrosas - |z Italia - |x Historia - |y Siglo XVII | ||
| 650 | |a Enfermedades - |x Tratamiento | ||
| 650 | |a Epidemiología - |z Italia - |x Historia - |y Siglo XVII | ||
| 650 | |a Vida Cotidiana - |z Italia - |x Historia - |y Siglo XVII | ||
| 650 | |a Prácticas Culturales - |z Italia - |x Historia | ||
| 650 | |a Medicina Laboral - |z Italia - |x Historia - |y Siglo XVII | ||
| 650 | |a Sociología de la Cultura | ||
| 650 | |a Sociología de la Medicina | ||
| 700 | |a Carnevale, Francesco |e (prólogo) | ||
| 700 | |a Kumate, Jesús |e (prólogo) | ||
| 700 | |a Araujo Alvarez, Juan Manuel |e (traducción) | ||
| 910 | |a Fondo General | ||
| 920 | |a Impresos - Libros | ||
| 930 | |a Colección General | ||
| 905 | |a 101 | ||
| 901 | |a 0500076045 |b IT1 |c ACC |u 20250521 | ||
| 902 | |a https://opac.biblio.iteso.mx/vufind/Record/000146410 | ||